|
|
|
|
| LEADER |
00929nam a2200253 a 4500 |
| 001 |
000680963 |
| 003 |
CZ BrMZK |
| 005 |
20200729113029.0 |
| 007 |
ta |
| 008 |
030807s1875 xr f |||| 0 cze d |
| 015 |
|
|
|a cnb001053335
|
| 035 |
|
|
|a (OCoLC)18264084
|
| 040 |
|
|
|a BOA001
|b cze
|c BOA001
|
| 100 |
1 |
|
|a Durdík, Josef,
|d 1837-1902
|7 jk01023342
|4 aut
|
| 245 |
1 |
0 |
|a Všeobecná aesthetika /
|c sepsal Josef Durdík
|
| 260 |
|
|
|a Praha :
|b I.L. Kober,
|c 1875
|
| 300 |
|
|
|a [xi], 707 s.
|
| 856 |
4 |
1 |
|u http://kramerius.nkp.cz/kramerius/handle/ABA001/12585639
|y Digitalizovaný dokument
|
| 910 |
|
|
|a BOA001
|b PK-II-0000.194
|b OB2-0114.148
|
| 964 |
|
|
|a Estetika - přednášky
|
| 964 |
|
|
|a Bohemika - stol. 19.
|
| 990 |
|
|
|a BK
|
| 996 |
6 |
|
|b 2618860771
|c OB2-0114.148
|l MZK
|r Sklad / do 24 hodin
|n 0
|w 000680963
|u 000030
|a 1
|e BOA001
|j MZK50
|s P
|
| 996 |
6 |
|
|b 3119639615
|c PK-II-0000.194
|l MZK
|r Sklad / do 1 hodiny
|n 14
|w 000680963
|u 000010
|a 1
|e BOA001
|j MZK50
|s P
|